000 00833nam a2200217Ia 4500
001 737
003 GE_BSU
008 181216s||||||||xx |||||||||||||| ||und||
040 _cGE_BSU
080 _a341.76+327+338.22+395.6
100 _aჯოლია, გურამ
245 _aდიპლომატური და ბიზნეს– ეტიკეტი უცხოელებთან ურთიერთობის ზოგადი წესები
245 _cრედ:სოსო ცინცაძე
260 _aთბილისი
260 _c2004
300 _a295 გვ.
541 _h8 ლ.
653 _aდიპლომატიური ეტიკეტი
653 _aუცხოელებთან ურთიერთობის წესები;
942 _cBK
999 _c34910
_d34910